Bienvenue au Catalogue en Ligne des Bibliothèques de l'Universite du Burundi

La fiscalité au Burundi au regard de la fiscalité optimale (Record no. 44694)

000 -GUIDE
Champ de contrôle de longueur fixe 00865nam a22002537a 4500
003 - IDENTITÉ DU NUMÉRO DE CONTRÔLE
Champ de contrôle BI-BuBU
008 - ÉLÉMENTS DE LONGUEUR FIXE - RENSEIGNEMENTS GÉNÉRAUX
Champ de contrôle de longueur fixe 210427b2017 bn ||||fr|||| 000 0 fre d
020 ## - INTERNATIONAL STANDARD BOOK NUMBER
ISBN 9783639544305
037 ## - SOURCE D'ACQUISITION
Source d'acquisition et du numéro d'inventaire Don de l'auteur
039 ## - NIVEAU DE CONTRÔLE BIBLIOGRAPHIQUE ET HISTORIQUE D'ENCODAGE [OBSOLETE]
Date creation 20210427135601.0
Nom catalographe Godeberthe Nsengimana
040 ## - SOURCE DU CATALOGAGE
Organisme qui a effectué le catalogage original BI-BuBU
Code de la langue utilisée dans le catalogage fre
Organisme qui a effectué la transcription BI-BuBU
Organisme qui a effectué la modification BI-BuBU
041 0# - CODE DE LANGUE
Code de langue du texte/de la piste sonore ou du titre distinct fre
080 ## - INDICE DE LA CLASSIFICATION DÉCIMALE UNIVERSELLE (CDU)
Indice de la Classification décimale universelle 336.2
100 1# - VEDETTE PRINCIPALE - NOM DE PERSONNE
Code de relation aut.
Nom de personne Nimubona, Frédéric
245 13 - MENTION DU TITRE
Titre La fiscalité au Burundi au regard de la fiscalité optimale
Mention de responsabilité, etc. Frédéeic Nimubona; Prof. Taladidia Thiombiano, Directeur
260 ## - PUBLICATION, DIFFUSION, ETC. (ADRESSE BIBLIOGRAPHIQUE)
Lieu de publication, diffusion, etc. Ougadougou
Nom de l'éditeur, diffuseur, etc. Ed. universitaires européennes
Date of publication, distribution, etc 2017
300 ## - DESCRIPTION MATÉRIELLE
Collation XIII-310 p.
Dimensions 23 cm.
501 ## - NOTE « AVEC »
Note « Avec » Bibliogr.
650 #7 - VEDETTE-MATIÈRE - NOM COMMUN
Source du terme BI-BuBU
Vedette de sujet ou vedette comportant un nom géographique Fiscalité :
Subdivision générale Fiscalité optimale.
Subdivision géographique Burundi.
650 #7 - VEDETTE-MATIÈRE - NOM COMMUN
Source du terme BI-BuBU
Vedette de sujet ou vedette comportant un nom géographique Fiscalité optimale :
Subdivision générale Fiscalité.
Subdivision géographique Burundi
655 #7 - TERME D'INDEXATION - GENRE OU FORME
Source du terme BI-BuBU
Données ou terme dominant sur le genre ou la forme book
942 ## - ÉLÉMENTS D'ENTRÉE ADDITIONNELLE (KOHA)
Source de la classification ou du système de rangement
Type d item koha BOOK
Holdings
Statut de retrait Statut de perte Source de la classification ou du système de rangement Statut de déterioration Exclu du prêt Numéro d item Koha Localisation permanente Localisation actuelle Date d'acquisition Source d'acquisition Nombre de prêts Cote Code-barres Date last seen Numéro d'exemplaire Prix en vigueur à partir du Type d item koha Numero d'inventaire
        Not For Loan 71794 Bibliothèque Centrale Bibliothèque Centrale 27/04/2021 Don de l'auteur   R.336.2 NIM.B 5010000322199 27/04/2021 1 27/04/2021 These 238579
          71795 Bibliothèque Centrale Bibliothèque Centrale 27/04/2021 Don de l'auteur   R.336.2 NIM.B 5010000322205 27/04/2021 2 27/04/2021 These 238580
          71796 Bibliothèque Centrale Bibliothèque Centrale 27/04/2021 Don de l'auteur   R.336.2 NIM.B 5010000322212 27/04/2021 3 27/04/2021 These 238581
© 2019-2026 - Bibliothèques de l'Université du Burundi |Tous droits réservés
home | Pour toute information urgente Contactez nous | tel whatsupp: +25779204313